|
|
|
|
| LEADER |
02601nam a2200385Ka 4500 |
| 001 |
bslw06344709 |
| 003 |
UtOrBLW |
| 005 |
20101115152719.0 |
| 006 |
m d |
| 007 |
cr un||||||||| |
| 008 |
101115s1998 enk o 001 0 eng d |
| 020 |
|
|
|a 9781849500159 (electronic bk.) :
|c £58.95 ; €86.95 ; $105.95
|
| 040 |
|
|
|a UtOrBLW
|c UtOrBLW
|d GrThAP
|
| 050 |
|
4 |
|a HD62.4
|b .M85 1998
|
| 072 |
|
7 |
|a KJK
|2 bicssc
|
| 072 |
|
7 |
|a KJVG
|2 bicssc
|
| 072 |
|
7 |
|a BUS070000
|2 bisacsh
|
| 080 |
|
|
|a 338.6
|
| 082 |
0 |
4 |
|a 658.049
|2 22
|
| 245 |
0 |
0 |
|a Multinational location strategy
|h [electronic resource] /
|c edited by Alan M. Rugman, Jean-Louis Mucchielli.
|
| 260 |
|
|
|a Bingley, U.K. :
|b Emerald,
|c 1998.
|
| 300 |
|
|
|a 1 online resource (xxvii, 237 p.).
|
| 490 |
1 |
|
|a Research in global strategic management,
|x 1064-4857 ;
|v v. 6
|
| 500 |
|
|
|a Includes index.
|
| 505 |
0 |
|
|a Regionalism, international trade, and multinational firm location / Wilfred J. Ethier -- The determinants of Japanese foreign direct investment flows to the European community, 19631990 / Jeremy Clegg, Susan Scott-Green -- Industry agglomeration and the location of foreign affiliates / Keith Head, John Ries, Karen Ruckman -- Agglomeration effects, state policies, and competition in the location of Japanese FDI in Europe / Thierry Mayer, Jean-Louis Mucchielli -- Pattern and determinants of location decisions by french multinationals in European regions / Christine Ferrer -- Comparative and competitive advantages: The performance of the EU in a global context / Leo Sleuwaegen, Reinhilde Veugelers, Hideki Yamawaki -- The five partners/flagship model and the Scottish electronics cluster / Alan M. Rugman -- The multinational firm versus the host country: A bargaining power approach / Emmanuel Combe, Jean-Louis Mucchielli -- Inward investment attraction and development: Lessons from the Scottish case / Neil Hood.
|
| 520 |
|
|
|a This examination of multinational location strategy focuses on the areas of economics, management and policy. It discusses issues such as regionalism and international trade; location patterns, local content rules and foreign direct investment; and, plant location in Eastern European countries.
|
| 650 |
|
0 |
|a International business enterprises
|x Management.
|
| 650 |
|
0 |
|a Strategic planning.
|
| 650 |
|
0 |
|a Global economics.
|
| 700 |
1 |
|
|a Rugman, Alan M.
|
| 700 |
1 |
|
|a Mucchielli, Jean Louis.
|
| 776 |
1 |
|
|z 9780762300150
|
| 830 |
|
0 |
|a Research in global strategic management ;
|v v. 6.
|
| 856 |
4 |
0 |
|u http://www.emeraldinsight.com/1064-4857/6
|z Full Text via HEAL-Link
|
| 913 |
|
|
|1 BMEbacklist
|